[Event "N� LL 2004/05"]
[Site "MyTown"]
[Date "2004.10.17"]
[Round "3"]
[White "Zojer, Thomas"]
[Black "Thoma, Wilhelm"]
[Result "1-0"]
[WhiteElo "1982"]
[BlackElo "2126"]
[Annotator "Baden : Mauerbach"]
[PlyCount "81"]
[EventDate "2004.??.??"]
[TimeControl "240+2"]

1. d4 d5 2. c4 e6 3. Nc3 f5 4. Nf3 Nf6 5. g3 c6 6. Bg2 Bd6 7. b3 O-O 8. O-O
Nbd7 9. Bf4 Bxf4 10. gxf4 Kh8 11. Qc2 Qe8 12. c5 Ne4 13. b4 Rg8 14. e3 Ndf6 15.
Nxe4 fxe4 16. Ne5 Bd7 17. f3 exf3 18. Rxf3 a5 19. Rb1 axb4 20. Rxb4 Bc8 21. Rf2
Nd7 22. Rb1 Nxe5 23. fxe5 Ra3 24. Rb3 Ra7 25. e4 Qg6 26. Rg3 Qh6 27. Rff3 g6
28. Rf7 Rg7 29. Rh3 Qg5 30. Qf2 h5 31. Rg3 Qc1+ 32. Bf1 b5 33. Rxa7 Rxa7 34.
Rxg6 Kh7 35. Rg3 Qa1 36. exd5 exd5 37. Qc2+ Kh8 38. Qf2 Kh7 39. e6 Bxe6 40. Qf6
Rf7 41. Qg6+ 1-0

[Event "N� LL 2004/05"]
[Site "?"]
[Date "2004.10.17"]
[Round "3"]
[White "Gr�tz, Harald"]
[Black "Blatny, Pavel"]
[Result "1/2-1/2"]
[WhiteElo "2305"]
[BlackElo "2535"]
[Annotator "Zwettl : Stockerau"]
[PlyCount "104"]
[EventDate "2004.09.20"]

1. e4 g6 2. d4 c6 3. Nf3 d5 4. Nbd2 Bg7 5. h3 e6 6. c3 Ne7 7. Bd3 a5 8. a4 b6
9. O-O Ba6 10. Bxa6 Nxa6 11. Re1 O-O 12. exd5 exd5 13. Ne5 Nc7 14. Ndf3 f6 15.
Nd3 Qd7 16. Bf4 Ne6 17. Qe2 Kf7 18. Bh6 Qd6 19. Qxe6+ Qxe6 20. Rxe6 Bxh6 21.
Rae1 Rfe8 22. g4 Rac8 23. Rd6 Red8 24. Ree6 Rxd6 25. Rxd6 Rc7 26. g5 Bxg5 27.
Nxg5+ fxg5 28. Ne5+ Kg7 29. Kg2 b5 30. axb5 cxb5 31. Rb6 b4 32. cxb4 axb4 33.
Rxb4 Nf5 34. Rb5 Rc2 35. Ng4 h5 36. Rb7+ Kf8 37. Nf6 Nh4+ 38. Kg3 Nf5+ 39. Kg2
Ne3+ 40. Kf3 Nd1 41. Nh7+ Ke8 42. Nxg5 Rxf2+ 43. Kg3 Rxb2 44. Rxb2 Nxb2 45. Ne6
Kf7 46. Nf4 Nc4 47. Nxd5 g5 48. h4 Ke6 49. hxg5 Kxd5 50. Kh4 Kxd4 51. g6 Nd6
52. Kxh5 Ne8 1/2-1/2

[Event "N� LL 2004/05"]
[Site "?"]
[Date "2004.10.17"]
[Round "3"]
[White "Vyskocil, Neklan"]
[Black "Hangweyrer, Manfred"]
[Result "1-0"]
[WhiteElo "2305"]
[BlackElo "2331"]
[Annotator "Zwettl : Stockerau"]
[PlyCount "85"]
[EventDate "2004.09.20"]

1. e4 d6 2. d4 Nf6 3. Nc3 e5 4. Nf3 Nbd7 5. g4 Nxg4 6. Rg1 Ngf6 7. Bc4 h6 8.
Be3 c6 9. Qd3 Qe7 10. O-O-O b5 11. dxe5 bxc4 12. Qxc4 Bb7 13. exf6 Qxf6 14. Rg3
Nb6 15. Qd3 Qe7 16. Bd4 O-O-O 17. Bxg7 Bxg7 18. Rxg7 Qf6 19. Rg3 Rhe8 20. Qd4
Qf4+ 21. Qd2 Qf6 22. Rh3 Rh8 23. Nd4 Nc4 24. Qe2 Qg5+ 25. Kb1 Ba6 26. Qh5 Ne5
27. Nf5 Kc7 28. Qh4 Bc8 29. Rg3 Qxh4 30. Nxh4 h5 31. f4 Ng4 32. Rd2 Rhe8 33. b3
f5 34. h3 Nf6 35. Nxf5 Rxe4 36. Rg7+ Kb8 37. Rxd6 Rd7 38. Kb2 Rxd6 39. Nxd6
Bxh3 40. Rb7+ Ka8 41. Rf7 Ne8 42. Rf8 Bd7 43. Ncxe4 1-0

[Event "N� LL 2004/05"]
[Site "?"]
[Date "2004.10.17"]
[Round "3"]
[White "Sadilek, Maximilian"]
[Black "D�ckstein, Andreas"]
[Result "0-1"]
[WhiteElo "2085"]
[BlackElo "2288"]
[Annotator "Zwettl : Stockerau"]
[PlyCount "74"]
[EventDate "2004.09.20"]

1. e4 e5 2. Nf3 Nc6 3. d4 exd4 4. Bc4 Nf6 5. e5 d5 6. Bb5 Ne4 7. Nxd4 Bd7 8.
Bxc6 bxc6 9. O-O Be7 10. f3 Nc5 11. f4 f5 12. b4 Ne4 13. e6 Bc8 14. Nxc6 Qd6
15. Nxe7 Kxe7 16. Qe1 Bxe6 17. Nc3 Kf7 18. Nxe4 dxe4 19. Qc3 Rad8 20. Bb2 Rhg8
21. Rad1 Qxd1 22. Rxd1 Rxd1+ 23. Kf2 Rd7 24. Ke3 Bxa2 25. Qe5 Be6 26. g4 fxg4
27. f5 Bd5 28. Kf4 e3 29. Qxe3 Re8 30. Qc3 Re4+ 31. Kg3 Ke8 32. f6 gxf6 33.
Qxf6 Rf7 34. Qa6 Rf3+ 35. Kh4 Kf7 36. Qb5 Rh3+ 37. Kg5 h6+ 0-1

[Event "N� LL 2004/05"]
[Site "?"]
[Date "2004.10.17"]
[Round "3"]
[White "Zwettler, Martin"]
[Black "Schmid, Thomas"]
[Result "1/2-1/2"]
[WhiteElo "2183"]
[BlackElo "2152"]
[Annotator "Zwettl : Stockerau"]
[PlyCount "108"]
[EventDate "2004.09.20"]

1. d4 Nf6 2. Nf3 g6 3. Nc3 d5 4. Bf4 Bg7 5. Qd2 O-O 6. Bh6 Ne4 7. Nxe4 dxe4 8.
Bxg7 Kxg7 9. Ne5 b5 10. f3 f6 11. Ng4 Bxg4 12. fxg4 Qd7 13. e3 Rd8 14. Be2 c5
15. O-O-O c4 16. d5 Na6 17. Qd4 Nb4 18. Qxe4 Nxa2+ 19. Kb1 Nb4 20. h4 Qd6 21.
g5 Re8 22. h5 Qe5 23. Qxe5 fxe5 24. h6+ Kh8 25. Rh4 Rad8 26. Re4 Rxd5 27. Rxd5
Nxd5 28. Rxe5 e6 29. Bf3 Nc7 30. Bc6 Rb8 31. Bd7 Kg8 32. Bxe6+ Nxe6 33. Rxe6
Kf7 34. Rc6 Rb7 35. Kc1 Re7 36. Kd2 Re5 37. Rc7+ Ke6 38. Rxh7 Rxg5 39. Rxa7 b4
40. h7 Rxg2+ 41. Ke1 Rh2 42. Kf1 Kd5 43. Kg1 Rh4 44. Kf2 b3 45. cxb3 cxb3 46.
Kg3 g5 47. Rb7 Ke5 48. Rxb3 Rxh7 49. Kg4 Ke4 50. Kxg5 Rf7 51. Rc3 Rf2 52. b3
Rf1 53. Kg4 Rg1+ 54. Kh3 Re1 1/2-1/2

[Event "N� LL 2004/05"]
[Site "?"]
[Date "2004.10.17"]
[Round "3"]
[White "Ganaus, Hannes"]
[Black "Rumpl, Erwin"]
[Result "1-0"]
[WhiteElo "2330"]
[BlackElo "2244"]
[Annotator "Amstetten : St.P�lten"]
[PlyCount "57"]
[EventDate "2004.09.20"]

1. Nf3 f5 2. b4 d6 3. d4 Nf6 4. g3 g6 5. Bb2 Bg7 6. Bg2 e5 7. dxe5 Ng4 8. O-O
Nxe5 9. Nxe5 Bxe5 10. Bxe5 dxe5 11. Qxd8+ Kxd8 12. Nd2 Ke7 13. Nc4 Nd7 14. e4
f4 15. Bh3 Nb6 16. Bxc8 Nxc4 17. Bxb7 Rab8 18. Ba6 Nd2 19. Rfd1 Nxe4 20. a3 Nd6
21. Rd5 Ke6 22. Rc5 Rb6 23. Bf1 f3 24. Re1 e4 25. Rxc7 Ke5 26. c4 Rc8 27. Rc5+
Kf6 28. Rxc8 Nxc8 29. Rxe4 1-0

[Event "N� LL 2004/05"]
[Site "?"]
[Date "2004.10.17"]
[Round "3"]
[White "Wadsack, Wolfgang"]
[Black "R�hrl, Karl"]
[Result "1-0"]
[WhiteElo "2178"]
[BlackElo "2225"]
[Annotator "Amstetten : St.P�lten"]
[PlyCount "69"]
[EventDate "2004.09.20"]

1. e4 c5 2. c3 d5 3. exd5 Qxd5 4. d4 Nc6 5. Nf3 e6 6. Bd3 cxd4 7. cxd4 Nf6 8.
O-O Be7 9. Nc3 Qd8 10. a3 O-O 11. Re1 b6 12. Bc2 Bb7 13. Qd3 Rc8 14. d5 exd5
15. Bg5 g6 16. Rxe7 Nxe7 17. Bxf6 Qd6 18. Be5 Qc5 19. Qd2 f6 20. Bd4 Qc7 21.
Qh6 Rf7 22. Re1 Rcf8 23. h4 Qd7 24. Qf4 Nf5 25. h5 Nxd4 26. Nxd4 gxh5 27. Re3
Kh8 28. Bf5 Qd8 29. Qh6 Bc8 30. Qxh5 Bxf5 31. Qxf5 Rg8 32. Ne6 Qd7 33. Nxd5 Rg5
34. Qf4 Rxd5 35. Qb8+ 1-0

[Event "N� LL 2004/05"]
[Site "?"]
[Date "2004.10.17"]
[Round "3"]
[White "Wadsack, Winfried"]
[Black "Wallner, Erich"]
[Result "0-1"]
[WhiteElo "2090"]
[BlackElo "2111"]
[Annotator "Amstetten : St.P�lten"]
[PlyCount "86"]
[EventDate "2004.09.20"]

1. e4 c6 2. d4 d5 3. exd5 cxd5 4. c4 Nf6 5. Nc3 e6 6. Nf3 Be7 7. c5 b6 8. Bb5+
Bd7 9. b4 a5 10. Qa4 O-O 11. Ne5 Bxb5 12. Nxb5 Nfd7 13. Bf4 Nxe5 14. Bxe5 Nc6
15. Nc7 b5 16. Qxb5 Nxd4 17. Qa4 Rc8 18. Rd1 Bf6 19. Bxd4 Bxd4 20. Nb5 Be5 21.
O-O Qh4 22. f4 Bxf4 23. g3 Be3+ 24. Kg2 Qxb4 25. Qxb4 axb4 26. Nd6 Rxc5 27. Rb1
Rc2+ 28. Kh3 Bc5 29. Nb7 Rb8 30. Nxc5 Rxc5 31. Rf3 Kf8 32. a3 Ke7 33. axb4 Rcb5
34. Rc1 R8b7 35. Rc8 Rxb4 36. Rh8 f5 37. Rxh7 Kf6 38. Rh8 Rb3 39. Rf1 Rb1 40.
Rf4 R1b2 41. Rf3 Re2 42. g4 Rbb2 43. Ra8 Kg5 0-1

[Event "N� LL 2004/05"]
[Site "?"]
[Date "2004.10.31"]
[Round "4"]
[White "Wukits, Rene"]
[Black "Ganaus, Hannes"]
[Result "1-0"]
[WhiteElo "2244"]
[BlackElo "2330"]
[Annotator "St.P�lten : Ternitz/Gloggnitz"]
[PlyCount "79"]
[EventDate "2004.09.20"]

1. d4 d5 2. Nf3 Nc6 3. c4 Bg4 4. cxd5 Bxf3 5. gxf3 Qxd5 6. e3 e5 7. Nc3 Bb4 8.
Bd2 Bxc3 9. bxc3 Qd6 10. Qb3 Nf6 11. Bg2 O-O 12. O-O Rfe8 13. Rfd1 e4 14. Qb5
a6 15. Qf5 g6 16. Qh3 Na5 17. Rdb1 Nc4 18. Be1 b5 19. a4 Rab8 20. axb5 axb5 21.
Qh4 exf3 22. Bxf3 Qe6 23. Qf4 Nd5 24. Qg5 f5 25. Ra7 Nd6 26. Bxd5 Qxd5 27. Rxc7
Rf8 28. Ra1 Rf7 29. Raa7 Kg7 30. Qg3 Re8 31. Rd7 Re6 32. Qg2 Re4 33. f3 Rxe3
34. Bg3 f4 35. Bxf4 Rxc3 36. Be5+ Kf8 37. Rd8+ Ne8 38. Rxd5 Rc1+ 39. Kf2 Rc2+
40. Kg3 1-0

[Event "N� LL 2004/05"]
[Site "?"]
[Date "2004.10.31"]
[Round "4"]
[White "R�hrl, Karl"]
[Black "Weinwurm, Wolfgang"]
[Result "1/2-1/2"]
[WhiteElo "2225"]
[BlackElo "2126"]
[Annotator "St.P�lten : Ternitz/Gloggnitz"]
[PlyCount "33"]
[EventDate "2004.09.20"]

1. e4 d6 2. d4 Nf6 3. Nc3 g6 4. f4 Bg7 5. Be2 c5 6. e5 Nfd7 7. exd6 exd6 8. Nf3
O-O 9. dxc5 dxc5 10. O-O Nc6 11. f5 Nde5 12. fxg6 fxg6 13. Qxd8 Rxd8 14. Bg5
Rf8 15. Nxe5 Nxe5 16. Rxf8+ Bxf8 17. Nd5 1/2-1/2

[Event "N� LL 2004/05"]
[Site "MyTown"]
[Date "2004.10.31"]
[Round "4"]
[White "Heimberger, Reinhard"]
[Black "Weissenbeck, Manuel"]
[Result "1-0"]
[WhiteElo "2284"]
[BlackElo "2227"]
[Annotator "Mauerbach : B�hlerwerk"]
[PlyCount "143"]
[EventDate "2004.??.??"]

1. d4 Nf6 2. g3 e6 3. Bg2 c5 4. c3 d5 5. Nf3 Nc6 6. O-O Bd6 7. Bg5 h6 8. Bf4
O-O 9. Nbd2 b6 10. Ne5 Bb7 11. e4 dxe4 12. Nxe4 Nxe4 13. Bxe4 Qc7 14. Re1 Rad8
15. Qf3 Bxe5 16. dxe5 Na5 17. Qh5 Bxe4 18. Rxe4 Qc6 19. Rae1 f5 20. exf6 Rxf6
21. h4 Qd5 22. Be5 Rf7 23. Qe2 Nc6 24. c4 Qd3 25. Bc3 Qxe2 26. R4xe2 Nd4 27.
Bxd4 Rxd4 28. b3 Re7 29. Rxe6 Rxe6 30. Rxe6 Rd2 31. a4 Rb2 32. Re3 Kf7 33. Kg2
h5 34. Rd3 Ke6 35. Kf3 g6 36. Ke3 Ke5 37. f3 Kf5 38. a5 bxa5 39. Rd5+ Ke6 40.
Rxc5 Rxb3+ 41. Ke4 Rc3 42. Rc6+ Kf7 43. c5 a4 44. Ra6 Rxc5 45. Rxa7+ Kf6 46.
Ra6+ Kf7 47. Rxa4 Rb5 48. Kf4 Rf5+ 49. Ke3 Rb5 50. g4 hxg4 51. Rf4+ Ke6 52.
fxg4 Rb3+ 53. Ke4 Rb4+ 54. Kf3 Rb3+ 55. Kg2 Ke5 56. Rf3 Rb6 57. Kg3 Ke4 58. g5
Ke5 59. h5 gxh5 60. Kh4 Rb1 61. Kxh5 Rh1+ 62. Kg6 Rg1 63. Kh6 Ke6 64. g6 Rh1+
65. Kg7 Rg1 66. Rf2 Rg3 67. Re2+ Kd7 68. Kf7 Rf3+ 69. Kg8 Rg3 70. g7 Rg1 71.
Rh2 Ke7 72. Kh8 1-0

[Event "N� LL 2004/05"]
[Site "MyTown"]
[Date "2004.10.31"]
[Round "4"]
[White "Brandst�tter, Friedrich"]
[Black "Schorn, Christoph"]
[Result "0-1"]
[WhiteElo "2116"]
[BlackElo "2152"]
[Annotator "Mauerbach : B�hlerwerk"]
[PlyCount "54"]
[EventDate "2004.??.??"]

1. e4 c5 2. Nf3 d6 3. d4 cxd4 4. Nxd4 Nf6 5. Nc3 a6 6. a4 e6 7. Be2 b6 8. f4
Nbd7 9. Bf3 Bb7 10. O-O Rc8 11. e5 Bxf3 12. Nxf3 dxe5 13. fxe5 Ng4 14. Qe2 Qc7
15. Bf4 Qc4 16. Qxc4 Rxc4 17. Nd2 Bc5+ 18. Kh1 Rb4 19. Nce4 Rxb2 20. Nxc5 bxc5
21. Ne4 Rxc2 22. Nd6+ Ke7 23. Rab1 Rb8 24. Rxb8 Nxb8 25. h3 Rf2 26. Rb1 Rxf4
27. Rxb8 Nxe5 0-1

[Event "N� LL 2004/05"]
[Site "MyTown"]
[Date "2004.10.31"]
[Round "4"]
[White "Thoma, Wilhelm"]
[Black "Neumann , Christian"]
[Result "1-0"]
[WhiteElo "2126"]
[BlackElo "1996"]
[Annotator "Mauerbach : B�hlerwerk"]
[PlyCount "39"]
[EventDate "2004.??.??"]

1. d4 d5 2. c4 c6 3. Nf3 Nf6 4. cxd5 cxd5 5. Nc3 e6 6. Bg5 Bb4 7. e3 O-O 8. Bd3
Nbd7 9. O-O Be7 10. Rc1 a6 11. Bb1 Re8 12. Ne5 Nxe5 13. dxe5 Nd7 14. Bf4 b5 15.
Nxd5 Bc5 $2 (15... exd5 16. e6 Ne5 (16... fxe6 $2 17. Bc7) 17. Bxe5 Bxe6 18.
Qd3 g6 19. Qd4 $14) 16. b4 exd5 17. Qxd5 Nb6 18. Qxc5 Nc4 19. Rfd1 Qh4 20. Be4
1-0

[Event "N� LL 2004/05"]
[Site "MyTown"]
[Date "2004.10.31"]
[Round "4"]
[White "Weiss, Christian"]
[Black "Vyskocil, Neklan"]
[Result "1/2-1/2"]
[WhiteElo "2383"]
[BlackElo "2305"]
[Annotator "Zwettl : P�chlarn"]
[PlyCount "89"]
[EventDate "2004.??.??"]
[TimeControl "240+2"]

1. d4 Nf6 2. g3 d5 3. Nf3 e6 4. Bg2 Be7 5. O-O O-O 6. c4 dxc4 7. Qc2 a6 8. Qxc4
b5 9. Qc2 Bb7 10. Bf4 Bd6 11. Nbd2 Nbd7 12. Nb3 Qe7 13. Ne1 Bxg2 14. Nxg2 Nd5
15. Bd2 N5b6 16. Rac1 Nc4 17. Ne3 Nxd2 18. Qxd2 c5 19. dxc5 Nxc5 20. Nxc5 Bxc5
21. Ng2 Rfd8 22. Qc2 Rac8 23. e3 Qb7 24. Rfd1 Rxd1+ 25. Qxd1 Be7 26. Rxc8+ Qxc8
27. Nf4 Qc6 28. h4 h6 29. b3 a5 30. a4 bxa4 31. bxa4 Bd6 32. Ne2 Bb4 33. Nd4
Qd5 34. Qc2 g6 35. Nb3 h5 36. e4 Qd7 37. Nc1 Qd4 38. Ne2 Qd2 39. Qxd2 Bxd2 40.
Nd4 Kf8 41. Kf1 Ke7 42. Ke2 Bc3 43. Kd3 Be1 44. Ke2 Bc3 45. Kd3 1/2-1/2

[Event "N� LL 2004/05"]
[Site "MyTown"]
[Date "2004.10.31"]
[Round "4"]
[White "Holemar, David"]
[Black "Knoll, Hermann"]
[Result "0-1"]
[WhiteElo "2380"]
[BlackElo "2351"]
[Annotator "Zwettl : P�chlarn"]
[PlyCount "106"]
[EventDate "2004.??.??"]
[TimeControl "240+2"]

1. d4 d5 2. c4 c6 3. cxd5 cxd5 4. Nf3 g6 5. Bf4 Nc6 6. Nc3 Bg7 7. e3 a6 8. Ne5
f6 9. Nf3 Nh6 10. Be2 Nf7 11. Bg3 O-O 12. Qb3 e6 13. O-O b5 14. a4 b4 15. Na2
a5 16. Rfc1 Bb7 17. Rc5 Qd7 18. Nc1 Rfc8 19. Nd3 Bf8 20. Rcc1 Na7 21. Qd1 Rxc1
22. Rxc1 Rc8 23. Nc5 Bxc5 24. dxc5 e5 25. h4 Bc6 26. b3 h5 27. Qd2 Rd8 28. Rd1
Nc8 29. Ne1 Ne7 30. f3 Kg7 31. Bf2 Qc7 32. Qc2 Qb7 33. Qb2 Nf5 34. g4 hxg4 35.
fxg4 Ne7 36. Bg3 Qc8 37. Nd3 d4 38. exd4 Rxd4 39. Nf2 Rxd1+ 40. Nxd1 Bd7 41. g5
Qxc5+ 42. Bf2 Qd6 43. gxf6+ Qxf6 44. Ne3 Qf4 45. Nc4 Bh3 46. Qc2 Nf5 47. Qd3
Bg4 48. Nxa5 e4 49. Qd1 e3 50. Be1 Bxe2 51. Qxe2 Ne5 52. Nc4 Nf3+ 53. Kh1 Ng3+
0-1

[Event "N� LL 2004/05"]
[Site "MyTown"]
[Date "2004.10.31"]
[Round "4"]
[White "Steinm�ller, G�nther"]
[Black "D�ckstein, Andreas"]
[Result "1/2-1/2"]
[WhiteElo "2053"]
[BlackElo "2288"]
[Annotator "Zwettl : P�chlarn"]
[PlyCount "63"]
[EventDate "2004.??.??"]
[TimeControl "240+2"]

1. e4 e5 2. Nf3 Nc6 3. Bb5 Nf6 4. d3 Bc5 5. O-O Qe7 6. c3 O-O 7. a4 a6 8. Bc4
d6 9. b4 Ba7 10. Be3 Be6 11. Bxe6 fxe6 12. Nbd2 h6 13. Nc4 Bxe3 14. fxe3 b5 15.
Ncd2 Qd7 16. Qc2 Ne7 17. d4 Rfc8 18. dxe5 Ng4 19. Qd3 Ng6 20. exd6 cxd6 21.
axb5 axb5 22. Nd4 Rxa1 23. Rxa1 N6e5 24. Qxb5 Rxc3 25. Qxd7 Nxd7 26. Nxe6 Rxe3
27. h3 Ngf6 28. Kf2 Rd3 29. Ke2 Rg3 30. Kf2 Rd3 31. Ke2 Rg3 32. Kf2 1/2-1/2

[Event "N� LL 2004/05"]
[Site "MyTown"]
[Date "2004.10.31"]
[Round "4"]
[White "Zwettler, Martin"]
[Black "Pernerstorfer, Johannes"]
[Result "1-0"]
[WhiteElo "2183"]
[BlackElo "2046"]
[Annotator "Zwettl : P�chlarn"]
[PlyCount "101"]
[EventDate "2004.??.??"]
[TimeControl "240+2"]

1. d4 Nf6 2. Bg5 e6 3. e4 Be7 4. Nd2 h6 5. Bh4 d5 6. e5 Nfd7 7. Bxe7 Qxe7 8. c3
c5 9. Ngf3 Nc6 10. Bb5 cxd4 11. cxd4 Qb4 12. Qa4 Qxa4 13. Bxa4 f6 14. exf6 gxf6
15. O-O Nb4 16. Rfe1 Kf7 17. Re3 Nb6 18. Bd1 Bd7 19. a3 Nc6 20. Rc1 Rae8 21. b4
h5 22. Be2 Rc8 23. Rec3 Ne7 24. Nb3 Rxc3 25. Rxc3 Rc8 26. Rxc8 Bxc8 27. Nh4 e5
28. Bxh5+ Kg7 29. dxe5 fxe5 30. Be2 Kf6 31. Nf3 Nf5 32. Nfd2 Nd6 33. h4 Nbc4
34. Nxc4 dxc4 35. Nc1 Be6 36. g4 Nb5 37. Kg2 Nxa3 38. Kg3 Nc2 39. g5+ Kg7 40.
Na2 Nd4 41. Bg4 Bd5 (41... Nf5+) 42. Nc3 Bc6 43. f4 exf4+ 44. Kxf4 Nb5 45. Nxb5
Bxb5 46. h5 Be8 47. h6+ Kh7 48. Bf5+ Bg6 49. Bxg6+ Kxg6 50. b5 a5 51. bxa6 1-0

[Event "N� LL 2004/05"]
[Site "?"]
[Date "2004.10.31"]
[Round "4"]
[White "Rumpl, Erwin"]
[Black "Spacek, Petr"]
[Result "1/2-1/2"]
[WhiteElo "2244"]
[BlackElo "2381"]
[Annotator "Krems : Amstetten"]
[PlyCount "32"]
[EventDate "2004.09.20"]

1. c4 c5 2. Nc3 g6 3. g3 Bg7 4. Bg2 Nc6 5. e4 d6 6. Nge2 e6 7. d3 Nge7 8. Rb1
O-O 9. O-O Rb8 10. a3 a6 11. b4 cxb4 12. axb4 b5 13. cxb5 axb5 14. Be3 h6 15.
Qd2 Kh7 16. h3 Bd7 1/2-1/2

[Event "N� LL 2004/05"]
[Site "?"]
[Date "2004.10.31"]
[Round "4"]
[White "Gugler, Edgar"]
[Black "Mayer, Martin"]
[Result "1/2-1/2"]
[WhiteElo "2195"]
[BlackElo "2000"]
[Annotator "Krems : Amstetten"]
[PlyCount "23"]
[EventDate "2004.09.20"]

1. d4 Nf6 2. Nf3 d5 3. Bf4 c6 4. Nc3 Bf5 5. e3 Nbd7 6. Bd3 Bxd3 7. Qxd3 e6 8.
O-O Be7 9. h3 O-O 10. a4 a6 11. Ne5 c5 12. Rfd1 1/2-1/2

[Event "N� LL 2004/05"]
[Site "?"]
[Date "2004.10.31"]
[Round "4"]
[White "Walter, Martin"]
[Black "Bachmayer, Josef"]
[Result "0-1"]
[WhiteElo "1992"]
[BlackElo "2088"]
[Annotator "Krems : Amstetten"]
[PlyCount "72"]
[EventDate "2004.09.20"]

1. e4 c5 2. c3 b6 3. d4 Bb7 4. d5 d6 5. Nf3 Nd7 6. c4 Ngf6 7. Nc3 g6 8. Bf4 Bg7
9. Bd3 O-O 10. Qd2 a6 11. O-O Ng4 12. Qc2 Qc7 13. Be2 Rfc8 14. h3 Nge5 15. Nd2
b5 16. cxb5 c4 17. Be3 Qa5 18. bxa6 Bxa6 19. Bd4 Rab8 20. b3 Rb7 21. bxc4 Bxc4
22. Bxc4 Nxc4 23. Nb3 Qb4 24. Bxg7 Kxg7 25. Rfc1 Nce5 26. Qd2 Rcc7 27. Ne2 Qxe4
28. Rxc7 Rxc7 29. Rc1 Rxc1+ 30. Nbxc1 Nf6 31. Nc3 Qb4 32. Nd3 Qd4 33. Nb5 Qxd3
34. Qxd3 Nxd3 35. a4 Nxd5 36. a5 Nc5 0-1

[Event "N� LL 2004/05"]
[Site "?"]
[Date "2004.10.31"]
[Round "4"]
[White "Sulyok, Michael"]
[Black "Neulinger, Manfred"]
[Result "1/2-1/2"]
[WhiteElo "2161"]
[BlackElo "2315"]
[Annotator "Wr.Neustadt : Baden"]
[PlyCount "88"]
[EventDate "2004.09.20"]

1. Nf3 Nf6 2. c4 e6 3. Nc3 d5 4. d4 Be7 5. Bg5 h6 6. Bh4 O-O 7. e3 Ne4 8. Bxe7
Qxe7 9. Rc1 Rd8 10. Bd3 Nxc3 11. Rxc3 dxc4 12. Bxc4 c5 13. O-O Nc6 14. Rd3 cxd4
15. Nxd4 Bd7 16. Qh5 Qf6 17. Nxc6 Bxc6 18. Rxd8+ Rxd8 19. Qa5 Qg5 20. Qxg5 hxg5
21. f3 Kf8 22. b4 Ke7 23. Re1 Bd5 24. Bxd5 Rxd5 25. Kf2 Kd6 26. Ke2 a5 27. bxa5
Rxa5 28. Rd1+ Ke5 29. Rd2 Ra3 30. g3 f5 31. f4+ Kf6 32. Rb2 g4 33. Kf2 g5 34.
Ke2 b5 35. Kf2 b4 36. Ke2 gxf4 37. exf4 Ke7 38. Rd2 Kf6 39. Rb2 e5 40. fxe5+
Kxe5 41. Kf2 Kd5 42. Rxb4 Rxa2+ 43. Kg1 Rd2 44. Rf4 Ke5 1/2-1/2

[Event "N� LL 2004/05"]
[Site "?"]
[Date "2004.10.31"]
[Round "4"]
[White "Todor, Razvan"]
[Black "Eibersberger, Manfred"]
[Result "1/2-1/2"]
[WhiteElo "2133"]
[BlackElo "2072"]
[Annotator "Wr.Neustadt : Baden"]
[PlyCount "44"]
[EventDate "2004.09.20"]

1. e4 c5 2. Nf3 g6 3. d4 cxd4 4. Nxd4 Bg7 5. c4 Nc6 6. Be3 Nf6 7. Nc3 Ng4 8.
Qxg4 Nxd4 9. Qd1 e5 10. Qd2 O-O 11. Nb5 Qe7 12. O-O-O Nxb5 13. cxb5 d5 14. exd5
Rd8 15. d6 Qe6 16. Qb4 Bf8 17. Bc4 Qf6 18. h4 Rxd6 19. Rxd6 Bxd6 20. Qd2 Bf8
21. Bg5 Qb6 22. Be3 Qc7 1/2-1/2

[Event "N� LL 2004/05"]
[Site "?"]
[Date "2004.10.31"]
[Round "4"]
[White "Zojer, Thomas"]
[Black "Posch, Werner"]
[Result "1/2-1/2"]
[WhiteElo "1982"]
[BlackElo "2188"]
[Annotator "Wr.Neustadt : Baden"]
[PlyCount "125"]
[EventDate "2004.09.20"]

1. d4 d5 2. c4 Bf5 3. Nc3 e6 4. Nf3 c6 5. Bf4 Nd7 6. e3 Qb6 7. Qc1 Ngf6 8. Be2
Be7 9. O-O O-O 10. c5 Qd8 11. b4 a6 12. h3 Ne4 13. a4 Bf6 14. Ne5 Bxe5 15. Bxe5
Nxe5 16. dxe5 f6 17. Nxe4 Bxe4 18. f3 Bg6 19. exf6 Qxf6 20. Qd2 Rfd8 21. Rad1
e5 22. Bd3 d4 23. e4 Bf7 24. Rb1 g5 25. g3 Kh8 26. Kh2 Rg8 27. f4 gxf4 28. gxf4
Qh6 29. Qf2 Raf8 30. f5 Rg4 31. Rg1 Rf4 32. Qe2 Qh4 33. Rbf1 Rg8 34. Rxg8+ Bxg8
35. Rxf4 Qxf4+ 36. Kg2 Bb3 37. a5 Kg7 38. Qf2 Qg5+ 39. Qg3 Kf6 40. Qxg5+ Kxg5
41. Kg3 Bd1 42. b5 cxb5 43. Bxb5 Bc2 44. c6 bxc6 45. Bxa6 d3 46. Bc4 d2 47. Be2
Bxe4 48. Kf2 Bxf5 49. a6 Bc8 50. a7 Bb7 51. Ke3 c5 52. Kxd2 Kf4 53. Kc3 Ke3 54.
Bb5 Bd5 55. Bc4 Ba8 56. Bg8 e4 57. Bxh7 Kf3 58. Kc4 e3 59. Bd3 Kg3 60. h4 Kxh4
61. Kxc5 Kg3 62. Kd4 Kf2 63. Bc4 1/2-1/2

[Event "N� LL 2004/05"]
[Site "?"]
[Date "2004.10.31"]
[Round "4"]
[White "Wiedner, Robert"]
[Black "Szvetits, Rene"]
[Result "1/2-1/2"]
[WhiteElo "2147"]
[BlackElo "1994"]
[Annotator "Wr.Neustadt : Baden"]
[PlyCount "58"]
[EventDate "2004.09.20"]

1. c4 e5 2. Nc3 Nc6 3. Nf3 g6 4. d4 exd4 5. Nd5 h6 6. Bf4 d6 7. Nxd4 Nf6 8. Nb5
Nxd5 9. cxd5 a6 10. dxc6 axb5 11. Qd5 bxc6 12. Qxc6+ Bd7 13. Qc3 Rg8 14. e4 Bg7
15. Qb3 Qf6 16. Bc1 Qe6 17. Qxe6+ fxe6 18. Bd3 Ke7 19. Ke2 Ra4 20. Bc2 Rc4 21.
Kd3 Bc6 22. f3 d5 23. exd5 Rd8 24. Bb3 Rd4+ 25. Ke2 Bxd5 26. Bxd5 R4xd5 27. Rb1
c5 28. Be3 c4 29. Rhc1 Ra8 1/2-1/2

[Event "N� LL 2004/05"]
[Site "?"]
[Date "2004.10.31"]
[Round "4"]
[White "Svanda, Pavel"]
[Black "Gr�tz, Harald"]
[Result "0-1"]
[WhiteElo "2277"]
[BlackElo "2305"]
[Annotator "Stockerau : Waidhofen"]
[PlyCount "162"]

1. e4 c5 2. Nf3 d6 3. Bc4 e6 4. d3 Nc6 5. O-O Nf6 6. c3 Be7 7. Bb3 O-O 8. Re1
Ne5 9. d4 Nxf3+ 10. Qxf3 cxd4 11. cxd4 d5 12. e5 Ne4 13. Qd3 f5 14. exf6 Bxf6
15. Be3 g6 16. Nd2 Nxd2 17. Qxd2 Qb6 18. Ba4 Be7 19. Bh6 Rf5 20. a3 Bd6 21.
Rac1 Qd8 22. Bc2 Bxh2+ 23. Kf1 Rf7 24. Qg5 Qxg5 25. Bxg5 Bd7 26. Bd3 Kg7 27.
Ke2 Raf8 28. f3 Bd6 29. Rh1 Rc8 30. Bh6+ Kg8 31. Ke3 Rxc1 32. Rxc1 e5 33. Bb1
Be6 34. Ba2 Rc7 35. Rxc7 Bxc7 36. f4 exf4+ 37. Bxf4 Bd8 38. b4 a6 39. Be5 Bg5+
40. Bf4 Be7 41. Be5 Kf7 42. Bb3 h5 43. Bd1 Bg5+ 44. Bf4 Be7 45. Be5 Bf5 46. Bf3
Ke6 47. g3 Bg5+ 48. Bf4 Bf6 49. Bc7 Bc2 50. Bb8 Bd8 51. Be2 Be4 52. a4 a5 53.
bxa5 Bxa5 54. Bd1 Kf5 55. Be2 Bd8 56. Bd6 Bg5+ 57. Kf2 h4 58. Bc7 Bf6 59. gxh4
Bxd4+ 60. Kf1 Be5 61. Bxe5 Kxe5 62. a5 Kd4 63. h5 gxh5 64. Bxh5 Kc3 65. Ke1 Kb4
66. a6 bxa6 67. Kd2 a5 68. Kc1 Kc3 69. Bd1 d4 70. Bg4 d3 71. Kb1 Bg2 72. Bf5 d2
73. Bg4 Bd5 74. Ka1 a4 75. Bh5 a3 76. Bg4 Bb3 77. Bh5 Kd4 78. Bg4 Ke3 79. Bh5
Kf2 80. Bg4 Ke1 81. Bh5 Bc4 0-1

[Event "N� LL 2004/05"]
[Site "?"]
[Date "2004.10.31"]
[Round "4"]
[White "Hangweyrer, Manfred"]
[Black "Mhady, Khaled"]
[Result "1/2-1/2"]
[WhiteElo "2331"]
[BlackElo "2339"]
[Annotator "Stockerau : Waidhofen"]
[PlyCount "24"]

1. e4 e5 2. Nf3 d6 3. d4 exd4 4. Nxd4 Nf6 5. Nc3 Be7 6. Be2 O-O 7. O-O Nc6 8.
b3 d5 9. Nxc6 bxc6 10. e5 Nd7 11. f4 Nc5 12. Bd3 f5 1/2-1/2

[Event "N� LL 2004/05"]
[Site "?"]
[Date "2004.10.31"]
[Round "4"]
[White "Rosenauer, Harald"]
[Black "Sadilek, Maximilian"]
[Result "0-1"]
[WhiteElo "1992"]
[BlackElo "2085"]
[Annotator "Stockerau : Waidhofen"]
[PlyCount "86"]

1. e4 c5 2. Nc3 Nc6 3. g3 g6 4. Bg2 Bg7 5. Nf3 d6 6. d3 Nf6 7. h3 O-O 8. O-O
Rb8 9. a4 b6 10. Be3 Bb7 11. Qd2 d5 12. exd5 Nxd5 13. Bh6 Re8 14. Bxg7 Kxg7 15.
Nxd5 Qxd5 16. Nh2 Qd6 17. Ng4 Nd4 18. Bxb7 Rxb7 19. f4 b5 20. axb5 Rxb5 21.
Rab1 Reb8 22. c3 Nf5 23. Kh2 Qe6 24. c4 Rb3 25. Ne5 f6 26. Nf3 Qd6 27. Ne1 Qd4
28. Rf2 Ne3 29. Kg1 Nf5 30. Kh2 a5 31. g4 Nd6 32. Qe2 R8b7 33. f5 a4 34. fxg6
hxg6 35. Rd1 Rxb2 36. Rd2 a3 37. g5 Rxd2 38. gxf6+ exf6 39. Qxd2 Rb2 40. Nc2
Qe5+ 41. Kg2 a2 42. Re2 Rxc2 43. Qxc2 Qg5+ 0-1